000 01018nam0a22002891 4500
001 rc\2278143
005 20250623040930.0
035 _a(NLR Aleph) 006557891
090 _a6811721
_c6811721
100 _a20110829d1979 |||y0rusy50 ca
101 0 _arus
102 _aRU
105 _aa z |||||
200 1 _aВопросы оптимального планирования литейного производства
210 _aСаратов
_cИзд-во Сарат. ун-та
_d1979
215 _a73 с., 1 отд. л. табл.
_cграф.
_d20
320 _aБиблиогр.: с. 72 (22 назв.)
606 _aЛитейные цехи
_xПланирование
_xМатематические методы
_2psbo
686 _aК61-642,0
_2rubbk
700 1 _aОберт
_bБ.О.
_gБорис Отмарович
801 0 _aRU
_bNLR
_gpsbo
801 1 _aRU
_bELAR
_2rusmarc
852 _aNLR
_j79-4/18422
899 _aRuMoRGB
_jБ 79-7/279
899 _aRuMoRGB
_jБ 79-7/280
942 _cBOOK
980 _aNB